000 00813nam a2200301 a 4500
003 AR-BaBNM
005 20251128203700.0
008 082120s2002 ||||||||||||||000 | spa||
040 _cAR-BaBNM
100 1 _aZannoni, Eduardo A.
245 0 0 _aDerecho de las sucesiones
_n1
250 _a2ª ed. aum. y corr.
260 _aBuenos Aires
_bAstrea
_c1976
300 _axx, 408 p.
500 _aIndice p. ix-xviii
650 4 _aDERECHO CIVIL
650 4 _aDERECHO SUCESORIO
650 4 _aHERENCIA
650 4 _aINVENTARIOS
650 4 _aCODIGO CIVIL
650 4 _aLEGISLACION ARGENTINA
653 _aPATRIMONIO
700 1 _aPérez Lasala, José Luis
_ecolaborador
700 1 _aCatapano Mosso, Ricardo
_ecolaborador
700 1 _aFassi, Santiago C.
_eprologuista
942 _cBK
998 _cAndrea
999 _c4468
_d4468